000 00198 a2200109 4500
020 _a9781532134739
041 _aspa
100 _aCobb, Amy
245 _aLibby Wimbley
942 _cBK
952 _71
999 _c25347
_d25347